Statystyki dla Kraje według pierwszych i ostatnich dwóch liter

Kliknij tutaj aby rozwiązać quiz!

Ogólne statystyki

  • Ten quiz został rozwiązany 46 431 razy
  • Średni wynik to 128 z 392

Odpowiedzi na mapie

Odpowiedzi skodowane kolorowo w zielono-czerwonej skali na mapie do tego quizu, zgodnie z poniższymi procentami.
Ładowanie ...
 

Statystyki odpowiedzi

kraj% Poprawnych
Republika Zielonego Przylądka
87%
Arabia Saudyjska
86%
Dominika
86%
Jamajka
86%
Kambodża
86%
Kamerun
86%
Kanada
86%
Katar
86%
Kazachstan
86%
Kostaryka
86%
Polska
86%
Republika Środkowoafrykańska
86%
Sri Lanka
86%
Polska
79%
Portugalia
79%
Rosja
70%
Chile
63%
Chiny
63%
Chorwacja
63%
Holandia
62%
Chorwacja
60%
Francja
60%
Grecja
60%
Gruzja
60%
Indonezja
60%
Jamajka
60%
Japonia
60%
Malezja
60%
Mikronezja
60%
Rosja
60%
Słowacja
60%
Szwecja
60%
Timor Wschodni
60%
Tunezja
60%
Turcja
60%
Antigua i Barbuda
59%
Dania
59%
Eswatini
59%
Grenada
59%
Kanada
59%
Rwanda
59%
Uganda
59%
Niemcy
58%
Niger
58%
Nigeria
58%
Nikaragua
58%
Stany Zjednoczone
56%
Białoruś
55%
Mauritius
55%
Brazylia
53%
Brunei
53%
Arabia Saudyjska
51%
Argentyna
51%
Armenia
51%
Katar
51%
Madagaskar
51%
Wielka Brytania
51%
Pakistan
50%
Palau
50%
Panama
50%
Papua-Nowa Gwinea
50%
Paragwaj
50%
Australia
49%
Austria
49%
Gwinea Bissau
49%
Holandia
49%
Palau
49%
Albania
48%
Algieria
48%
Armenia
48%
Australia
48%
Austria
48%
Belgia
48%
Boliwia
48%
Brazylia
48%
Bułgaria
48%
Dania
48%
Estonia
48%
Etiopia
48%
Finlandia
48%
Gambia
48%
Hiszpania
48%
Irlandia
48%
Islandia
48%
Japonia
48%
Jordania
48%
Kenia
48%
Kolumbia
48%
Liberia
48%
Libia
48%
Mauretania
48%
Mołdawia
48%
Mongolia
48%
Namibia
48%
Nigeria
48%
Norwegia
48%
Nowa Zelandia
48%
Portugalia
48%
Rumunia
48%
Saint Lucia
48%
Serbia
48%
Słowenia
48%
Somalia
48%
Syria
48%
Szwajcaria
48%
Tajlandia
48%
Tanzania
48%
Zambia
48%
Meksyk
47%
Norwegia
46%
Nowa Zelandia
46%
San Marino
46%
Demokratyczna Republika Konga
45%
Macedonia Północna
45%
Madagaskar
45%
Malawi
45%
Malediwy
45%
Malezja
45%
Mali
45%
Malta
45%
Maroko
45%
Mauretania
45%
Mauritius
45%
Mjanma
45%
Panama
45%
Argentyna
44%
Bośnia i Hercegowina
44%
Botswana
44%
Dominikana
44%
Francja
44%
Ghana
44%
Gujana
44%
Korea Północna
44%
Macedonia Północna
44%
Namibia
44%
Nauru
44%
Ukraina
44%
Wyspy Salomona
44%
Afganistan
43%
Andora
43%
Angola
43%
Antigua i Barbuda
43%
Azerbejdżan
43%
Bangladesz
43%
Bhutan
43%
Iran
43%
Kazachstan
43%
Kirgistan
43%
Liban
43%
Oman
43%
Pakistan
43%
Sudan
43%
Szwajcaria
43%
Szwecja
43%
Tadżykistan
43%
Tajwan
43%
Turkmenistan
43%
Uzbekistan
43%
Watykan
43%
Kolumbia
42%
Komory
42%
Kongo
42%
Korea Północna
42%
Korea Południowa
42%
Kosowo
42%
Kostaryka
42%
Maroko
42%
Monako
42%
Benin
40%
Indie
40%
Indonezja
40%
Liban
40%
Liberia
40%
Libia
40%
Liechtenstein
40%
Litwa
40%
Mali
40%
Wielka Brytania
40%
Hiszpania
39%
Fidżi
38%
Filipiny
38%
Finlandia
38%
Malawi
36%
Wietnam
36%
Irak
35%
Iran
35%
Irlandia
35%
Mołdawia
35%
Monako
35%
Mongolia
35%
Mozambik
35%
Chiny
33%
Filipiny
33%
Nepal
33%
Saint Vincent i Grenadyny
33%
Sierra Leone
33%
Stany Zjednoczone
33%
Ukraina
33%
Albania
32%
Algieria
32%
Nepal
32%
Senegal
32%
Eswatini
30%
Saint Kitts i Nevis
29%
Saint Lucia
29%
Saint Vincent i Grenadyny
29%
Salwador
29%
Samoa
29%
San Marino
29%
Węgry
28%
Wenezuela
28%
Zimbabwe
28%
Cypr
26%
Egipt
26%
Niemcy
26%
Tunezja
26%
Turcja
26%
Turkmenistan
26%
Tuvalu
26%
Vanuatu
26%
Bahamy
25%
Gwinea Równikowa
25%
Islandia
25%
Korea Południowa
25%
Litwa
25%
Łotwa
25%
Mjanma
25%
Saint Kitts i Nevis
25%
Watykan
25%
Bahrajn
24%
Bangladesz
24%
Barbados
24%
Czad
24%
Czarnogóra
24%
Czechy
24%
Kuba
24%
Malta
24%
Nauru
24%
Peru
24%
Rumunia
24%
Tadżykistan
24%
Tajlandia
24%
Tajwan
24%
Tanzania
24%
Angola
23%
Białoruś
23%
Boliwia
23%
Bośnia i Hercegowina
23%
Botswana
23%
Gwatemala
23%
Laos
23%
Peru
23%
Wenezuela
23%
Wyspy Marshalla
23%
Cabo Verde
22%
Meksyk
22%
Wybrzeże Kości Słoniowej
22%
Andora
21%
Czarnogóra
21%
Włochy
21%
Chile
20%
Indie
20%
Kirgistan
20%
Kiribati
20%
Lesotho
20%
Łotwa
20%
Republika Południowej Afryki
20%
Republika Środkowoafrykańska
20%
Seszele
20%
Zjednoczone Emiraty Arabskie
20%
Nikaragua
19%
Belgia
18%
Belize
18%
Benin
18%
Demokratyczna Republika Konga
18%
Sudan
18%
Sudan Południowy
18%
Surinam
18%
Senegal
17%
Serbia
17%
Seszele
17%
Estonia
16%
Grecja
16%
Grenada
16%
Gruzja
16%
Singapur
16%
Urugwaj
16%
Honduras
15%
Lesotho
15%
Haiti
14%
Kuba
14%
Kuwejt
14%
Surinam
14%
Wietnam
14%
Afganistan
13%
Côte d'Ivoire
13%
Gabon
13%
Gambia
13%
Tonga
13%
Kambodża
12%
Słowacja
12%
Słowenia
12%
Zambia
12%
Burkina Faso
11%
Ekwador
11%
Etiopia
11%
Malediwy
11%
Somalia
11%
Sudan Południowy
11%
Wyspy Marshalla
11%
Wyspy Salomona
11%
Wyspy Świętego Tomasza i Książeca
11%
Bułgaria
10%
Burkina Faso
10%
Burundi
10%
Egipt
10%
Erytrea
10%
Irak
10%
Kenia
10%
Niger
10%
Czad
9%
Czechy
9%
Dominika
9%
Dominikana
9%
Erytrea
9%
Gwatemala
9%
Gwinea
9%
Gwinea Bissau
9%
Gwinea Równikowa
9%
Honduras
9%
Jemen
9%
Oman
9%
Papua-Nowa Gwinea
9%
Paragwaj
9%
Urugwaj
9%
Włochy
9%
Azerbejdżan
8%
Gujana
8%
Uzbekistan
8%
Wyspy Świętego Tomasza i Książeca
8%
Mikronezja
7%
Dżibuti
6%
Haiti
6%
Kiribati
6%
Kongo
6%
Luksemburg
6%
Samoa
6%
Syria
6%
Timor-Leste
6%
Togo
6%
Tonga
6%
Trynidad i Tobago
6%
Tuvalu
6%
Zjednoczone Emiraty Arabskie
6%
Belize
5%
Burundi
5%
Ekwador
5%
Fidżi
5%
Komory
5%
Kosowo
5%
Salwador
5%
Sierra Leone
5%
Singapur
5%
Węgry
5%
Zimbabwe
5%
Ghana
4%
Izrael
4%
Jemen
4%
Jordania
4%
Sri Lanka
4%
Vanuatu
4%
Bahamy
3%
Barbados
3%
Cypr
3%
Izrael
3%
Laos
3%
Mozambik
3%
Rwanda
3%
Trynidad i Tobago
3%
Uganda
3%
Bhutan
2%
Brunei
2%
Dżibuti
2%
Gabon
2%
Kamerun
2%
Bahrajn
1%
Kuwejt
1%
Luksemburg
1%

Rozkład punktacji

Percentyl według liczby udzielonych odpowiedzi

Procent ludzi z każdym wynikiem

Twoja historia wyników

Nie rozwiązałeś tego quizu